Statistics for OKC Thunder All-Time Roster

Click here to take the quiz!

General Stats

  • This quiz has been taken 1,120 times
    (542 since last reset)
  • The average score is 17 of 99

Answer Stats

YearsAnswerCollege/Nationality% Correct
2007-2016Kevin DurantTexas
97%
2008-2019Russell WestbrookUCLA
96%
2009-2013James HardenArizona St
77%
2013-2020Steven AdamsNew Zealand
73%
2019-PresentShai Gilgeous-AlexanderKentucky
72%
2009-2016Serge IbakaRepublic of the Congo
70%
2017-2019Paul GeorgeFresno St
64%
2019-2020Chris PaulWake Forest
62%
2017-2018Carmelo AnthonySyracuse
48%
2011-2015Kendrick PerkinsNone
46%
2019-PresentLuguentz DortArizona St
44%
2003-2018Nick CollisonKansas
38%
2016-2017Victor OladipoIndiana
36%
2020-PresentKenrich WilliamsTCU
35%
2013-2020Andre RobersonColorado
34%
2018-2020Dennis SchroderGermany
30%
2011-2015Reggie JacksonBoston College
30%
2016-2017Domantas SabonisGonzaga
29%
2020-PresentJustin JacksonNorth Carolina
29%
2020-PresentAleksej PokusevskiSerbia
27%
2007-2011Jeff GreenGeorgetown
25%
2015-2017Enes KanterKentucky
24%
2014-2015Ish SmithWake Forest
24%
2008-2009Joe SmithMaryland
24%
2019-2020Danilo GallinariItaly
23%
2017-2018Dakari JohnsonKentucky
22%
2019-PresentDarius BazleyNone
22%
2016-2019Jerami GrantSyracuse
22%
2020-PresentAl HorfordFlorida
21%
2009-2014Thabo SefoloshaSwitzerland
20%
2013-2015Perry Jones IIIBaylor
18%
2020-PresentThéo MaledonFrance
18%
2015-2017Cameron PayneMurray St
16%
2016-2019Alex AbrinesSpain
15%
2012, 2013-2014Derek FisherArkansas at Little Rock
15%
2018-PresentHamidou DialloKentucky
15%
2019-PresentMike MuscalaBucknell
15%
2020-PresentGeorge HillIUPUI
14%
2011Nate RobinsonWashington
14%
2018-2020Nerlens NoelKentucky
14%
2017-2020Terrance FergusonNone
14%
2019-PresentIsaiah RobyNebraska
13%
2017-2019Raymond FeltonUNC
13%
2015-2018Kyle SinglerDuke
12%
2013-2015Jeremy LambUCONN
11%
2014-2017Anthony MorrowGeorgia Tech
10%
2015-2016Dion WaitersSyracuse
10%
2012-2014Hasheem ThabeetUCONN
10%
2012-2013Kevin MartinWestern Carolina
10%
2017Doug McDermottCreighton
9%
2014-2016DJ AugustinTexas
8%
2008-2011DJ WhiteIndiana
8%
2009-2010Etan ThomasSyracuse
8%
2014-2015Lance ThomasDuke
8%
2017Taj GibsonUSC
8%
2014Caron ButlerUCONN
7%
2018-2020Abdel NaderNorthern Illinois
6%
2018Corey BrewerFlorida
6%
2016Ersan IlyasovaTurkey
6%
2014-2016Mitch McGaryMichigan
6%
2017-2019Patrick PattersonKentucky
6%
2013Ronnie BrewerArkansas
6%
2010-2012Daequan CookOhio St
5%
2018-2020Deonte BurtonMarquette/Iowa St
5%
2019-2020Devon HallVirginia
5%
2011-2012, 2016Nazr MohammedKentucky
5%
2010-2012Cole AdrichKansas
4%
2009-2013Eric MaynorVCU
4%
2011-2012Lazar HaywardMarquette
4%
2020-PresentMoses BrownUCLA
4%
2017Norris ColeCleveland State
4%
2016Randy FoyeVillanova
4%
2016-2017Semaj ChristonXavier
4%
2015-2016Steve NovakMarquette
4%
2018-2019Timothe Luwawu-CabarrotFrance
4%
2008-2009Desmond MasonOklahoma State
3%
2006-2009Earl WatsonUCLA
3%
2016-2017Joffrey LauvergneFrance
3%
2016-2018Josh HuestisStanford
3%
2009Malik RoseDrexel
3%
2008-2011Nenad KrsticSerbia
3%
2014Sebastian TelfairNone
3%
2006-2009Chris WilcoxMaryland
2%
2004-2009Damien WilkinsNC State/Georgia
2%
2012-2013Daniel OrtonKentucky
2%
2005-2009Johan PetroFrance
2%
2019-2020Justin PattonCreighton
2%
2019-2020Kevin HerveyUT Arlington
2%
2008-2010Kyle WeaverWashington St
2%
2004-2009Robert SwiftNone
2%
2010-2012, 2014Royal IveyTexas
2%
2008-2009Shaun LivingstonNone
2%
2009-2011Byron MullensOhio St
1%
2009Chucky AtkinsSouth Florida
1%
2012-2013DeAndre LigginsKentucky
1%
2018-2020Donte GranthamClemson
1%
2020-PresentJosh HallMoravian Prep
1%
2009-2010Kevin OllieUCONN
1%
2010-2011Morris PetersonMichigan St
0%

Score Distribution

Percentile by Number Answered

Percent of People with Each Score

Your Score History

You have not taken this quiz since the last reset